000 00447nam a2200145 a 4500
001 13193
005 20180713201536.0
008 140415s1991 000 0 spa d
041 _aspa
082 _a620.00452
_bSTA
245 0 0 _aSTATISTICAL ANALYSIS OF RELIABILITY DATA
260 _a[s.l.] :
_bCHAPMAN AND HALL,
_c1991
300 _a250
650 1 4 _aCONFIABILIDAD (ENGENIERIA)
_xCONFIABILIDAD (INGENIERIA)
_xMETODOS ESTADISTICOS
999 _c13193
_d13193